| 000 | 00399nam a2200145Ia 4500 | ||
|---|---|---|---|
| 008 | 220216s9999 xx 000 0 und d | ||
| 100 | _aYoon P K | ||
| 245 | 0 | _aImprovement to young budding technique. II : Enhancing earlier, better and more uniform sprouting | |
| 260 |
_bPlanters Bulletin _c1988 |
||
| 300 | _a27-36 | ||
| 650 | _aNicking | ||
| 650 | _aPruning | ||
| 650 | _aRubber | ||
| 942 | _cJS | ||
| 999 |
_c60877 _d60877 |
||